000
00321 a2200121 4500
000
nam a22 7a 4500
005
20260120153536.0
020
_a
9788197443800
100
_a
Gupta, Mangal Deep; Chauhan, Rajeev Kumar
_9
940431
245
_a
Keys and Symmetric Cryptography
260
_b
TechSar
_c
2024
942
_c
TEXL
999
_c
1532233
_d
1532233